000 00292nam a2200109Ia 4500
008 200302s9999 xx 000 0 und d
100 _aPhilip Jodidio
245 _aArchitecture Now 5 Architektur heute Larchitecture D Aujourd Hui
260 _bTaschen Ltd.
260 _c2007
300 _a576 P.,
999 _c2585
_d2585